<?xml version="1.0" encoding="UTF-8"?><?xml-stylesheet type="text/xsl" href="static/style.xsl"?><OAI-PMH xmlns="http://www.openarchives.org/OAI/2.0/" xmlns:xsi="http://www.w3.org/2001/XMLSchema-instance" xsi:schemaLocation="http://www.openarchives.org/OAI/2.0/ http://www.openarchives.org/OAI/2.0/OAI-PMH.xsd"><responseDate>2026-04-14T03:31:55Z</responseDate><request verb="GetRecord" identifier="oai:www.recercat.cat:10459.1/468159" metadataPrefix="marc">https://recercat.cat/oai/request</request><GetRecord><record><header><identifier>oai:recercat.cat:10459.1/468159</identifier><datestamp>2025-09-15T18:31:08Z</datestamp><setSpec>com_2072_3622</setSpec><setSpec>col_2072_479130</setSpec></header><metadata><record xmlns="http://www.loc.gov/MARC21/slim" xmlns:dcterms="http://purl.org/dc/terms/" xmlns:xsi="http://www.w3.org/2001/XMLSchema-instance" xmlns:doc="http://www.lyncode.com/xoai" xsi:schemaLocation="http://www.loc.gov/MARC21/slim http://www.loc.gov/standards/marcxml/schema/MARC21slim.xsd">
   <leader>00925njm 22002777a 4500</leader>
   <datafield ind2=" " ind1=" " tag="042">
      <subfield code="a">dc</subfield>
   </datafield>
   <datafield ind2=" " ind1=" " tag="720">
      <subfield code="a">Visa Barbosa, Mariona</subfield>
      <subfield code="e">author</subfield>
   </datafield>
   <datafield ind2=" " ind1=" " tag="720">
      <subfield code="a">Carnicé Mur, Margarida</subfield>
      <subfield code="e">author</subfield>
   </datafield>
   <datafield ind2=" " ind1=" " tag="720">
      <subfield code="a">Sánchez-Meza, Metzeri</subfield>
      <subfield code="e">author</subfield>
   </datafield>
   <datafield ind2=" " ind1=" " tag="260">
      <subfield code="c">2025-05-27</subfield>
   </datafield>
   <datafield ind2=" " ind1=" " tag="520">
      <subfield code="a">Introducción: Los discursos audiovisuales juegan un papel clave en la construcción y legitimación de nuevos imaginarios sobre temas tradicionalmente invisibilizados, como la maternidad y el proceso reproductivo. Este estudio analiza si el actual contexto social y las nuevas formas de distribución audiovisual han favorecido la proliferación de relatos centrados en el proceso reproductivo en las obras audiovisuales españolas disponibles en las plataformas de streaming (2013-2023). Metodología: Se empleó un enfoque cuantitativo, dividido en dos fases: una fase exploratoria basada en búsquedas sistemáticas por palabras clave y una segunda fase de catalogación y clasificación de los contenidos. Resultados: Se observa un aumento en la cantidad de obras sobre maternidad, especialmente en los géneros documental y drama, siendo menos comunes en comedia y terror. Los buscadores de las plataformas muestran resultados para términos como "embarazo", “parto” y “aborto”, pero éstos son escasos o inexistentes para temas como la “reproducción asistida”, la “lactancia”, el “posparto” o la “pérdida gestacional”. Además, se refuerza la idea de que una proporción significativa de las obras sobre estos temas no es producida por mujeres. Discusión: Se deduce que el aumento de ficciones no es definitorio de la existencia de un imaginario más diverso sobre el proceso de la maternidad y que las palabras clave que definen estas realidades no son significantes con autonomía suficiente como para indexar contenidos en las operaciones algorítmicas de los buscadores de las plataformas. Conclusiones: Las plataformas VOD han facilitado la aparición de más obras sobre maternidad, pero no han contribuido significativamente a la construcción de imaginarios más complejos y éticos sobre el proceso reproductivo.</subfield>
   </datafield>
   <datafield ind2=" " ind1=" " tag="520">
      <subfield code="a">Introduction: Audiovisual fiction plays a key role in the construction and legitimization of new imaginaries around topics that have traditionally been marginalized, such as motherhood and the reproductive process. This study examines how the current social and technological context has influenced the proliferation of narratives focused on reproduction in Spanish fiction available on VOD platforms between 2013 and 2023. Methodology: A quantitative content analysis was employed, divided into two phases: an exploratory phase based on systematic searches using keywords, followed by a second phase of cataloging and classifying the content. Results: An increase in the number of works on motherhood is observed, especially in the documentary and drama genres, with fewer works in comedy and horror. Although platform search engines return results for terms like "pregnancy," "childbirth," and "abortion," there are few or no results for topics such as assisted reproduction, breastfeeding, postpartum, or gestational loss. Additionally, it is reinforced that a significant proportion of works on these topics are not produced by women. Discussion: It follows that the increase in fictions does not define the existence of a more diverse imaginary about the process of maternity and that the keywords that define these realities are not signifiers with sufficient autonomy to index content in the algorithmic operations of platforms’ search engines. Conclusions: VOD platforms have facilitated the emergence of more works on motherhood, but they have not significantly contributed to the construction of more complex and ethical imaginaries of the reproductive process.</subfield>
   </datafield>
   <datafield ind2=" " ind1=" " tag="520">
      <subfield code="a">Esta investigación es parte del proyecto I+D+i Maternidades en pantalla. Representación del proceso reproductivo en la ficción española contemporánea (MaterScreen), financiado por el Ministerio de Ciencia e Innovación del Gobierno de España. PID2022-137338OA-I00. (2023-2026).</subfield>
   </datafield>
   <datafield tag="653" ind2=" " ind1=" ">
      <subfield code="a">Maternidad</subfield>
   </datafield>
   <datafield tag="653" ind2=" " ind1=" ">
      <subfield code="a">Proceso reproductivo</subfield>
   </datafield>
   <datafield tag="653" ind2=" " ind1=" ">
      <subfield code="a">Ficción audiovisual</subfield>
   </datafield>
   <datafield tag="653" ind2=" " ind1=" ">
      <subfield code="a">Plataformas VOD</subfield>
   </datafield>
   <datafield tag="653" ind2=" " ind1=" ">
      <subfield code="a">España</subfield>
   </datafield>
   <datafield tag="653" ind2=" " ind1=" ">
      <subfield code="a">Metodología cuantitativa</subfield>
   </datafield>
   <datafield tag="653" ind2=" " ind1=" ">
      <subfield code="a">Análisis de contenido</subfield>
   </datafield>
   <datafield tag="653" ind2=" " ind1=" ">
      <subfield code="a">Maternity</subfield>
   </datafield>
   <datafield tag="653" ind2=" " ind1=" ">
      <subfield code="a">Reproductive process</subfield>
   </datafield>
   <datafield tag="653" ind2=" " ind1=" ">
      <subfield code="a">Audiovisual fiction</subfield>
   </datafield>
   <datafield tag="653" ind2=" " ind1=" ">
      <subfield code="a">VOD platforms</subfield>
   </datafield>
   <datafield tag="653" ind2=" " ind1=" ">
      <subfield code="a">Spain</subfield>
   </datafield>
   <datafield tag="653" ind2=" " ind1=" ">
      <subfield code="a">Analysis content</subfield>
   </datafield>
   <datafield tag="653" ind2=" " ind1=" ">
      <subfield code="a">Quantitative research</subfield>
   </datafield>
   <datafield ind2="0" ind1="0" tag="245">
      <subfield code="a">“La búsqueda no dio resultados”: Visibilidad de contenido audiovisual español sobre maternidad y reproducción en plataformas de streaming (2013-2023)</subfield>
   </datafield>
   <datafield ind2="0" ind1="0" tag="245">
      <subfield code="a">“No Results Found”: Visibility of Spanish Audiovisual Content on Motherhood and Reproduction on Streaming Platforms (2013-2023)</subfield>
   </datafield>
</record></metadata></record></GetRecord></OAI-PMH>